Países Onde Críquete é o Esporte Mais Popular - Statistics

Estatísticas Gerais
  • Esse quiz foi jogado 1 244 vezes
  • A pontuação média é 9 de 14
Estatísticas das Respostas
Continente País % Correto
Ásia Índia
93%
Ásia Paquistão
70%
América do Sul Guiana
67%
Ásia Bangladesh
64%
América do Norte Trinidad e Tobago
61%
América do Norte São Vicente e Granadinas
60%
América do Norte Barbados
59%
América do Norte Santa Lúcia
59%
América do Norte Antígua e Barbuda
58%
América do Norte Granada
57%
Ásia Nepal
57%
América do Norte São Cristóvão e Nevis
56%
Ásia Sri Lanka
51%
Ásia Afeganistão
49%
Nenhum quiz correspondente encontrado
Distribuição das Pontuações
Porcentagem de Pessoas com Cada Pontuação
Percentil de Números Respondidos
Sua Pontuação Histórica
Você não jogou esse quiz